Art history / (Record no. 250545)
[ view plain ]
| 000 -LEADER | |
|---|---|
| fixed length control field | 00982cam a2200301 a 4500 |
| 001 - CONTROL NUMBER | |
| control field | 14626858 |
| 003 - CONTROL NUMBER IDENTIFIER | |
| control field | OSt |
| 005 - DATE AND TIME OF LATEST TRANSACTION | |
| control field | 20151014083504.0 |
| 008 - FIXED-LENGTH DATA ELEMENTS--GENERAL INFORMATION | |
| fixed length control field | 061107s2008 njua b 001 0 eng |
| 010 ## - LIBRARY OF CONGRESS CONTROL NUMBER | |
| LC control number | 2006052795 |
| 020 ## - INTERNATIONAL STANDARD BOOK NUMBER | |
| International Standard Book Number | 0132368544 |
| International Standard Book Number | 0132250675 |
| International Standard Book Number | 9780132250672 |
| 040 ## - CATALOGING SOURCE | |
| Original cataloging agency | DLC |
| Transcribing agency | DLC |
| Modifying agency | DLC |
| 050 00 - LIBRARY OF CONGRESS CALL NUMBER | |
| Classification number | N5300 |
| Item number | .S923 2008 |
| 082 00 - DEWEY DECIMAL CLASSIFICATION NUMBER | |
| Classification number | 709 |
| Edition number | 22 |
| 100 1# - MAIN ENTRY--PERSONAL NAME | |
| Personal name | Stokstad, Marilyn, |
| Dates associated with a name | 1929- |
| 245 10 - TITLE STATEMENT | |
| Title | Art history / |
| Statement of responsibility, etc | Marilyn Stokstad. |
| 250 ## - EDITION STATEMENT | |
| Edition statement | 3rd ed. |
| 260 ## - PUBLICATION, DISTRIBUTION, ETC. (IMPRINT) | |
| Place of publication, distribution, etc | Upper Saddle River, N.J. : |
| Name of publisher, distributor, etc | Pearson Education, |
| Date of publication, distribution, etc | 2008. |
| 300 ## - PHYSICAL DESCRIPTION | |
| Extent | xli, 982 p. : |
| Other physical details | ill. (some col.) ; |
| Dimensions | 30 cm. |
| 504 ## - BIBLIOGRAPHY, ETC. NOTE | |
| Bibliography, etc | Includes bibliographical references and index. |
| 650 #0 - SUBJECT ADDED ENTRY--TOPICAL TERM | |
| Topical term or geographic name as entry element | Art |
| General subdivision | History. |
| 906 ## - LOCAL DATA ELEMENT F, LDF (RLIN) | |
| a | 7 |
| b | cbc |
| c | orignew |
| d | 1 |
| e | ocip |
| f | 20 |
| g | y-gencatlg |
| 942 ## - ADDED ENTRY ELEMENTS (KOHA) | |
| Source of classification or shelving scheme | Library of Congress Classification |
| Koha item type | Long Loan Books |
| Withdrawn status | Lost status | Source of classification or shelving scheme | Damaged status | Not for loan | Collection code | Home library | Current library | Shelving location | Date acquired | Total Checkouts | Full call number | Barcode | Date last seen | Date checked out | Price effective from | Koha item type |
|---|---|---|---|---|---|---|---|---|---|---|---|---|---|---|---|---|
| Library of Congress Classification | Non-fiction | Rongo University Library | Rongo University Library | General Stacks | 14/10/2015 | 1 | N5300 .S923 2008 | 20154357 | 23/09/2022 | 08/02/2017 | 14/10/2015 | Long Loan Books | ||||
| Library of Congress Classification | Non-fiction | Rongo University Library | Rongo University Library | General Stacks | 14/10/2015 | N5300 .S923 2008 | 20154774 | 14/10/2015 | 14/10/2015 | Long Loan Books | ||||||
| Library of Congress Classification | Rongo University Library | Rongo University Library | 12/02/2016 | N5300 .S923 2008 | 20169810 | 12/02/2016 | 12/02/2016 | Long Loan Books | ||||||||
| Library of Congress Classification | Rongo University Library | Rongo University Library | 12/02/2016 | N5300 .S923 2008 | 20169811 | 12/02/2016 | 12/02/2016 | Long Loan Books | ||||||||
| Library of Congress Classification | Rongo University Library | Rongo University Library | 13/04/2016 | N5300 .S923 2008 | 201611108 | 13/04/2016 | 13/04/2016 | Long Loan Books | ||||||||
| Library of Congress Classification | Non-fiction | Rongo University Library | Rongo University Library | General Stacks | 08/02/2017 | N5300 .S923 2008 | 201610051 | 08/02/2017 | 08/02/2017 | Long Loan Books | ||||||
| Library of Congress Classification | Rongo University Library | Rongo University Library | 16/02/2017 | N5300 .S923 2008 | 201610052 | 16/02/2017 | 16/02/2017 | Long Loan Books | ||||||||
| Library of Congress Classification | Non-fiction | Rongo University Library | Rongo University Library | General Stacks | 09/03/2017 | N5300 .S923 2008 | 201700055 | 09/03/2017 | 09/03/2017 | Long Loan Books | ||||||
| Library of Congress Classification | Non-fiction | Rongo University Library | Rongo University Library | General Stacks | 09/03/2017 | N5300 .S923 2008 | 201700058 | 09/03/2017 | 09/03/2017 | Long Loan Books | ||||||
| Library of Congress Classification | Non-fiction | Rongo University Library | Rongo University Library | General Stacks | 09/03/2017 | N5300 .S923 2008 | 201700057 | 09/03/2017 | 09/03/2017 | Long Loan Books | ||||||
| Library of Congress Classification | Non-fiction | Rongo University Library | Rongo University Library | General Stacks | 09/03/2017 | N5300 .S923 2008 | 201700056 | 09/03/2017 | 09/03/2017 | Long Loan Books | ||||||
| Library of Congress Classification | Non-fiction | Rongo University Library | Rongo University Library | General Stacks | 09/03/2017 | N5300 .S923 2008 | 201700062 | 09/03/2017 | 09/03/2017 | Long Loan Books | ||||||
| Library of Congress Classification | Non-fiction | Rongo University Library | Rongo University Library | General Stacks | 09/03/2017 | N5300 .S923 2008 | 201700061 | 09/03/2017 | 09/03/2017 | Long Loan Books | ||||||
| Library of Congress Classification | Non-fiction | Rongo University Library | Rongo University Library | General Stacks | 09/03/2017 | N5300 .S923 2008 | 201700060 | 09/03/2017 | 09/03/2017 | Long Loan Books | ||||||
| Library of Congress Classification | Non-fiction | Rongo University Library | Rongo University Library | General Stacks | 09/03/2017 | N5300 .S923 2008 | 201700059 | 09/03/2017 | 09/03/2017 | Long Loan Books | ||||||
| Library of Congress Classification | Non-fiction | Rongo University Library | Rongo University Library | General Stacks | 16/03/2017 | N5300 .S923 2008 | 201618304 | 16/03/2017 | 16/03/2017 | Long Loan Books | ||||||
| Library of Congress Classification | Non-fiction | Rongo University Library | Rongo University Library | General Stacks | 16/03/2017 | N5300 .S923 2008 | 201700102 | 16/03/2017 | 16/03/2017 | Long Loan Books | ||||||
| Library of Congress Classification | Non-fiction | Rongo University Library | Rongo University Library | General Stacks | 29/06/2018 | N5300 .S923 2008 | 201611411 | 29/06/2018 | 29/06/2018 | Long Loan Books |
